Statistiques concernant Devine le 11

Cliquez ici pour prendre le quiz!

Statistiques générales

  • Ce quiz a été pris 89 fois
    (30 depuis la dernière actualisation)
  • Le résultat moyen est 6 sur 10

Statistiques - réponses

Réponse% Correct
Bayern
96%
FC Barcelone
96%
Liverpool
92%
Real Madrid
77%
Al Nassr
62%
Chelsea
50%
Dortmund
38%
Bayer Leverkusen
27%
OL
19%
Sporting
15%

Distribution des résultats

Percentile par nombre de réponses

% des personnes avec chaque résultat

Votre développement - résultats

Vous n’avez pas pris ce quiz depuis la dernière actualisation